The rendezvous and other stories / (Record no. 233644)
[ view plain ]
| 000 -LEADER | |
|---|---|
| fixed length control field | 01116cam a2200253 a 4500 |
| 001 - CONTROL NUMBER | |
| control field | 430569 |
| 003 - CONTROL NUMBER IDENTIFIER | |
| control field | Nust |
| 005 - DATE AND TIME OF LATEST TRANSACTION | |
| control field | 20170309141902.0 |
| 008 - FIXED-LENGTH DATA ELEMENTS--GENERAL INFORMATION | |
| fixed length control field | 810804s1980 enk 000 0 eng |
| 010 ## - LIBRARY OF CONGRESS CONTROL NUMBER | |
| LC control number | 81127068 |
| 015 ## - NATIONAL BIBLIOGRAPHY NUMBER | |
| National bibliography number | GB81-00404 |
| 020 ## - INTERNATIONAL STANDARD BOOK NUMBER | |
| International Standard Book Number | 9781844080717 |
| Terms of availability | £5.95 |
| 040 ## - CATALOGING SOURCE | |
| Original cataloging agency | DLC |
| Transcribing agency | DLC |
| Modifying agency | DLC |
| 050 00 - LIBRARY OF CONGRESS CALL NUMBER | |
| Classification number | PR6007.U47 |
| Item number | R6 |
| 082 00 - DEWEY DECIMAL CLASSIFICATION NUMBER | |
| Classification number | 823.912 |
| Author Mark | MAU |
| 100 1# - MAIN ENTRY--PERSONAL NAME | |
| Personal name | Du Maurier, Daphne, |
| Dates associated with a name | 1907-1989. |
| 245 14 - TITLE STATEMENT | |
| Title | The rendezvous and other stories / |
| Statement of responsibility, etc. | Daphne du Maurier. |
| 260 ## - PUBLICATION, DISTRIBUTION, ETC. | |
| Place of publication, distribution, etc. | London : |
| Name of publisher, distributor, etc. | Gollancz, |
| Date of publication, distribution, etc. | 1980. |
| 300 ## - PHYSICAL DESCRIPTION | |
| Extent | 273 p. ; |
| Dimensions | 23 cm. |
| 505 0# - FORMATTED CONTENTS NOTE | |
| Formatted contents note | No motive -- Panic -- The supreme artist -- Adieu sagesse -- Fairy tale -- The rendezvous -- La Sainte-Vierge -- Leading lady -- Escort -- The lover -- The closing door -- Indiscretion -- Angels and archangels -- Split second. |
| 856 42 - ELECTRONIC LOCATION AND ACCESS | |
| Materials specified | Publisher description |
| Uniform Resource Identifier | <a href="http://www.loc.gov/catdir/description/orion051/81127068.html">http://www.loc.gov/catdir/description/orion051/81127068.html</a> |
| 856 42 - ELECTRONIC LOCATION AND ACCESS | |
| Materials specified | Contributor biographical information |
| Uniform Resource Identifier | <a href="http://www.loc.gov/catdir/bios/orion051/81127068.html">http://www.loc.gov/catdir/bios/orion051/81127068.html</a> |
| 906 ## - LOCAL DATA ELEMENT F, LDF (RLIN) | |
| a | 7 |
| b | cbc |
| c | orignew |
| d | 4 |
| e | ncip |
| f | 19 |
| g | y-gencatlg |
| 942 ## - ADDED ENTRY ELEMENTS (KOHA) | |
| Source of classification or shelving scheme | |
| Koha item type | Book |
| Withdrawn status | Lost status | Source of classification or shelving scheme | Damaged status | Not for loan | Collection code | Permanent Location | Current Location | Shelving location | Date acquired | Total Checkouts | Full call number | Barcode | Date last seen | Copy number | Price effective from | Koha item type |
|---|---|---|---|---|---|---|---|---|---|---|---|---|---|---|---|---|
| Central Library (CL) | Central Library (CL) | Fiction | 03/09/2017 | 823.912 MAU | CL290 | 03/09/2017 | 1 | 03/09/2017 | Book |
